000 00597cam a22002053a 4500
001 38512
003 PGUSA
005 20140828083841.0
008 120106s2012||||xxu|||||s|||||000 | eng d
040 _aPGUSA
_beng
042 _adc
100 1 _ad'Auvergne, Edmund B.
245 1 0 _aLola Montez :
_bAn Adventuress of the 'Forties
_h[electronic resource] /
_cEdmund B. d'Auvergne
260 _bProject Gutenberg,
_c2012
506 _aPublic domain in the USA.
516 _aElectronic text
830 0 _aProject Gutenberg
_v38512
856 4 0 _uhttp://www.gutenberg.org/ebooks/38512
942 _cEB
999 _c267766
_d267766